Dialogos / (Registro nro. 43431)

Detalles MARC
000 -LEADER
fixed length control field 01024nam a2200313 4500
001 - CONTROL NUMBER
control field 0000015465
003 - CONTROL NUMBER IDENTIFIER
control field CO-CtgCURN
005 - DATE AND TIME OF LATEST TRANSACTION
control field 20250429224758.0
007 - PHYSICAL DESCRIPTION FIXED FIELD--GENERAL INFORMATION
fixed length control field ta
008 - FIXED-LENGTH DATA ELEMENTS--GENERAL INFORMATION
fixed length control field 160627s1986 000 0 eng d
020 ## - INTERNATIONAL STANDARD BOOK NUMBER
International Standard Book Number 844870147X
040 ## - CATALOGING SOURCE
Original cataloging agency CO-CtgCURN
Language of cataloging spa
Transcribing agency coctgcurn
082 0# - DEWEY DECIMAL CLASSIFICATION NUMBER
Classification number 878.5
Item number D41b
100 1# - MAIN ENTRY--PERSONAL NAME
Personal name Seneca, Lucio Anneo.
245 10 - TITLE STATEMENT
Title Dialogos /
Statement of responsibility, etc. L. Anneo Seneca , estudio preliminar, traducción y notas Carmen Codoñer.
260 ## - PUBLICATION, DISTRIBUTION, ETC.
Place of publication, distribution, etc. Barcelona :
Name of publisher, distributor, etc. Ediciones Altaya,
Date of publication, distribution, etc. 1986.
300 ## - PHYSICAL DESCRIPTION
Extent xxxvi, 417 p.
336 ## - CONTENT TYPE
Source rdacontent
337 ## - MEDIA TYPE
Source rdamedia
Media type term sin mediacion
Media type code n
338 ## - CARRIER TYPE
Source rdacarrier
Carrier type term volumen
Carrier type code nc
490 1# - SERIES STATEMENT
Series statement Grandes obras del pensamiento ;
Volume/sequential designation 28
500 ## - GENERAL NOTE
General note Incluye indice.
505 8# - FORMATTED CONTENTS NOTE
Formatted contents note Providencia.--La firmeza del sabio.--La ira.--La serenidad.--La felicidad
650 14 - SUBJECT ADDED ENTRY--TOPICAL TERM
Topical term or geographic name entry element Literatura latina.
700 1# - ADDED ENTRY--PERSONAL NAME
Personal name Codoñer, Carmen,
Relator term Traductor.
908 ## - PUT COMMAND PARAMETER (RLIN)
Put command parameter 160627
942 ## - ADDED ENTRY ELEMENTS (KOHA)
Koha item type Libros
Classification part 878.5
Item part D41b
Source of classification or shelving scheme Dewey Decimal Classification

No hay ítems disponibles.